000 00649nam a2200217 a 4500
008 951123s1980||||[C 0 slo c
020 _c30 Kčs.
040 _aSNK
_bslo
_cSNK
_eAACR2
041 1 _aslo
_heng
044 _axo
_cSK
080 _a820 (73)-3
100 1 _aLund, Doris
_4aut
245 1 0 _aErik
_cDoris Lund ; Otakar Kořínek, Ľubica Štuková
250 _a2., vyd.
260 _aBratislava
_bSmena
_c1980
_eKošice
_fVýchodoslovenské tlačiarne
300 _a263 s., 16,42 AH
_c20 cm
500 _aRozlož. ilustr. tit. list. Mimo edície.
700 1 _aKořínek, Otakar
_4trl
700 1 _aŠtuková, Ľubica
_4bkd
958 _aA
999 _c11977
_d11977